MARC

LEADER 00000nam0a2200000 4500
001 263562
005 20231101233742.0
020 |a RU  |b 88-27281 
035 |a (RuTPU)RU\TPU\book\286547 
090 |a 263562 
100 |a 20140609d1986 m y0rusy5003 ca 
101 0 |a rus 
102 |a RU 
105 |a a j 001zy 
200 1 |a Расчет и термодинамический анализ энерготехнологической установки термической утилизации отходов химических производств  |e учебное пособие  |f В. П. Брыков, С. В. Шашков  |g Московский химико-технологический институт им. Д. И. Менделеева (МХТИ) 
210 |a Москва  |c МХТИ  |d 1986 
215 |a 76 с.  |c ил.  |d 20 см 
320 |a Библиогр.: с. 75 (14 назв.). 
320 |a Обозначения: с. 72-74. 
606 1 |a Химические производства  |x Отходы  |2 stltpush  |3 (RuTPU)RU\TPU\subj\31082  |9 54042 
610 1 |a обезвреживание 
610 1 |a жидкие отходы 
610 1 |a газообразные отходы 
610 1 |a термическая утилизация 
610 1 |a расчет 
610 1 |a типовое оборудование 
610 1 |a термодинамический анализ 
610 1 |a ЭВМ 
610 1 |a применение 
610 1 |a учебные пособия 
675 |a 66.013.8:628(075.8)  |z rus  |v 3 
700 1 |a Брыков  |b В. П.  |g Валерий Павлович  |4 070 
701 1 |a Шашков  |b С. В.  |g Сенргей Валентинович  |4 070 
712 0 2 |a Московский химико-технологический институт им. Д. И. Менделеева (МХТИ)  |2 stltpush  |3 (RuTPU)RU\TPU\col\1701 
801 0 |a RU  |b RuMRKP  |c 19950417  |g psbo 
801 1 |a RU  |b 63413507  |c 20140609 
801 2 |a RU  |b 63413507  |c 20150202  |g RCR 
942 |c BK